000 00342nam a2200133Ia 4500
008 240624s9999 xx 000 0 und d
041 _aeng
082 _a828 GOK
100 _aGOKHALE NITIN A
245 _aBEYOND NJ 9842 THE SIACHEN SAGA
260 _c2015
_aNew Delhi
_bBloomsbury
300 _axii, : 274 : p. : cm. ; 23
365 _cRS
_b30
999 _c28086
_d28086